Представление документа в формате RUSMARC

ПолеНазваниеЗначение
  Тип записи a
  Библиографический уровень a
001 Контрольный номер RU/CBS_UL/BASE/838b56f3c09d4cbba3f31213b93a48d9
005 Дата корректировки 20260428165325.5
100 Данные общей обработки __
a Данные общей обработки 20260428 ||| 0rusy0189 ca
101 Язык документа 0_
a Язык текста rus
102 Страна публикации __
a Страна публикации RU
200 Заглавие и сведения об ответственности 1_
a Заглавие Трясины тайн
e Сведения, относящиеся к заглавию [мистика болот]
f Первые сведения об ответственности А. Самохина
300 Общие примечания __
a Общие примечания 16+
461 Уровень набора _0
1 2000
a Наша история
463 Уровень физической единицы _0
1 2000
a № 4
v С. 44-45 : фото
1 2101
d 2026
1 001RU/CBS_UL/BASE/82dba85a71a24088bb382b50d965f832
606 Тематические рубрики 0_
a Основная рубрика Болота - Мистика
610 Ключевые слова 0_
a Ключевые слова болота
610 Ключевые слова 0_
a Ключевые слова легенды о болотах
610 Ключевые слова 0_
a Ключевые слова поверья о болотах
610 Ключевые слова 0_
a Ключевые слова Рдейский монастырь
610 Ключевые слова 0_
a Ключевые слова Рдейское болото
610 Ключевые слова 0_
a Ключевые слова мистика болот
686 Индексы других классификаций __
2 Код системы rubbk
a Классификационный индекс 86.40
700 Автор _1
a Фамилия Самохина
b Имя (инициалы) А.
801 Источник записи _0
a Страна RU
b Организация МБУК ЦБС г. Ульяновска
c Дата составления 20260428
g Правила каталогизации RCR
801 Источник записи _1
a Страна RU
b Организация МБУК ЦБС г. Ульяновска
c Дата составления 20260428
g Правила каталогизации RCR
901 Тип документа __
t Тип документа b
w Контрольный № источника RU/CBS_UL/BASE/82dba85a71a24088bb382b50d965f832
909 Создатель записи __
a Создатель записи lib2